zpět

Detail výsledku týmu

Café Hostel, České Budějovice

Datum a čas kvízu

21 Celkem bodů Celkový počet nahraných bodů na tomto kvízu bez doplňovacích otázek.
7. Pořadí na kvízu Konečné umístění týmu na tomto kvízu.

Zaznamenané odpovědi

# Otázka Odpověď Body Výsledky
1. Poslanci jedné parlamentní str... 0
2. Německá kancléřka Angela Merke... 0
3. V minulých dnech bylo podepsán... 1
4. Pouze dva obžalovaní stanuli v... 0
5. Útočník Komety Martin Erat vst... 0
21. Nejdelší had na světě chovaný... 0
22. Tento živočich z řádu krokodýl... 1
23. Několik druhů chameleonů (např... 1
24. Jak se nazývá tento živočich?... 1
25. Napište jméno herce s tureckým... 0